01307nam a2200157 a 4500008004100000020001800041041000800059100002700067245007000094250001100164260003500175300002000210500010500230505079900335655001501134190916s2015 a ||||gr|||| 000 1 spa d a9789504936756 aspa1 aFontanarrosa, Roberto.3 aEl mayor de mis defectos y otros cuentos /cRoberto Fontanarrosa. a2a ed. aBuenos Aires:bPlaneta;c2015. a280 p.b21x13cm aFontanarrosa, R. (2015). El mayor de mis defectos y otros cuentos. (2a ed.). Buenos Aires : Planeta. a"Entonces yo sí, te garanto, te puedo contar cómo es la verdad de la milanesa, con las buenas y las malas, que no es lo que te contó el muchacho éste, que no sé si será amigo tuyo o qué será. Y te digo más, esto que te voy a contar no se lo he contado a nadie, porque si yo tengo algún defecto, ése es el de la discreción". El mayor de mis defectos y otros cuentos es un claro exponente de las distintas formas que toman los cuentos de Fontanarrosa: el absurdo, la ciencia ficción, la literatura, las historias del tango, la relación con la tecnología y, quizá sus preferidas, las semblanzas deportivas. Con una mirada aguda sobre los estereotipos argentinos y un oído atento a las inflexiones del habla coloquial, Fontanarrosa presenta personas inolvidables.  aLiteratura